| 000 | 00993cab a2200265 4500 | ||
|---|---|---|---|
| 001 | WB3207-36 | ||
| 008 | 090401t1996 xxu||||| |||| 00| 0 eng d | ||
| 035 | _a(Sirsi) u28036 | ||
| 041 | _aeng | ||
| 245 | _aLeaseholders entitled to first refusal? | ||
| 260 | _c1996 | ||
| 350 | _a0 | ||
| 490 |
_aTimes _v10 February 1996, 29(2) |
||
| 520 | _aEmphasises continuing abuse by landlords of legislation intended to give leaseholders first refusal if their freehold is for sale, in particular the plight of those in private retirement developments. Also focuses on the case of Henry Smith`s Charity who sold its South Kensington estate to the Wellcome Trust. | ||
| 650 | _aHENRY SMITHS CHARITY | ||
| 650 | _aHOUSING BILL | ||
| 650 | _aHYLDA COURT | ||
| 650 | _aLANDLORD AND TENANT ACT 1987 S5 | ||
| 650 | _aRETIREMENT HOMES | ||
| 650 | _aRIGHT OF FIRST REFUSAL | ||
| 650 | _aWELLCOME TRUST | ||
| 690 | _aLANDLORD AND TENANT-LEASEHOLD REFORM | ||
| 942 | _n0 | ||
| 948 | _c04/03/1997 | ||
| 999 |
_c18908 _d18908 |
||